[Event "MCR_KT17"]
[Site "?"]
[Date "2005.??.??"]
[Round "?"]
[White "Pressl, Ladislav"]
[Black "Lucan, Zdenko"]
[Result "0-1"]
[WhiteElo "1918"]
[BlackElo "1559"]
[PlyCount "52"]
[EventDate "2005.??.??"]
[EventType "corr"]
[EventRounds "2"]
[SourceDate "2006.01.09"]

1. e4 c6 2. d4 d5 3. Nc3 dxe4 4. Nxe4 Bf5 5. Ng3 Bg6 6. Nf3 h6 7. h4 h5 8. Bc4
Nd7 9. Bg5 Ngf6 10. c3 e6 11. O-O Be7 12. Re1 Nd5 13. Bxe7 Qxe7 14. Ng5 O-O-O
15. Qf3 N7b6 16. Bb3 f6 17. Nxe6 Rd6 18. Nc5 Qf7 19. Nf5 Bxf5 20. Qxf5+ Nd7 21.
Re2 g6 22. Qf3 Nxc5 23. dxc5 Rdd8 24. Rd1 Qc7 25. Bxd5 Rxd5 26. Qxf6 Rxd1+ 0-1

[Event "MCR_KT17"]
[Site "?"]
[Date "2005.??.??"]
[Round "?"]
[White "Vlcek, Alois"]
[Black "Krizek, Alex"]
[Result "0-1"]
[WhiteElo "1812"]
[BlackElo "1600"]
[PlyCount "52"]
[EventDate "2005.??.??"]
[EventType "corr"]
[EventRounds "2"]
[SourceDate "2006.01.09"]

1. e4 c5 2. Nf3 Nc6 3. Nc3 g6 4. d4 cxd4 5. Nxd4 Bg7 6. Be3 Nf6 7. f4 Ng4 8.
Qxg4 Nxd4 9. O-O-O Nc6 10. Bd2 d5 11. Qg3 d4 12. Be1 O-O 13. Bf2 Qa5 14. Nb1
Qxa2 15. Rd3 Qa5 16. Be1 Qc7 17. Ra3 Be6 18. Qf3 a5 19. f5 Ne5 20. Qd1 gxf5 21.
Qxd4 Nc4 22. e5 Rfd8 23. Qh4 Qxe5 24. Bc3 Qe3+ 25. Nd2 Nxd2 26. Bd3 Nf3+ 0-1

[Event "MCR_KT17"]
[Site "?"]
[Date "2005.??.??"]
[Round "?"]
[White "Svoboda, Josef"]
[Black "Zabrodsky, Zdenek"]
[Result "1-0"]
[WhiteElo "1782"]
[BlackElo "1728"]
[PlyCount "79"]
[EventDate "2005.??.??"]
[EventType "corr"]
[EventRounds "2"]
[SourceDate "2006.01.09"]

1. e4 e5 2. Nf3 d6 3. d4 Nd7 4. Bc4 c6 5. O-O Be7 6. dxe5 dxe5 7. Nc3 b5 8. Bb3
a5 9. a3 Bb7 10. Re1 Ngf6 11. Bg5 O-O 12. Ba2 Qc7 13. Nh4 Bc5 14. Nf5 Qb6 15.
Qf3 Rfe8 16. Bxf6 Nxf6 17. Nh6+ Kf8 18. Nxf7 Re7 19. Ng5 Ke8 20. Ne6 Bd4 21.
Nxg7+ Rxg7 22. Qxf6 Qc7 23. Nd1 Qe7 24. Qxe7+ Kxe7 25. c3 Bb6 26. Ne3 Bc8 27.
Rad1 Bxe3 28. Rxe3 Bg4 29. Rdd3 Rd8 30. Rxd8 Kxd8 31. Rd3+ Ke7 32. f3 Bh5 33.
Kf2 Be8 34. g3 c5 35. Rd2 c4 36. a4 Ke6 37. axb5 Bxb5 38. Rd5 Bc6 39. Rxa5 Rb7
40. Bxc4+ 1-0

[Event "MCR_KT17"]
[Site "?"]
[Date "2005.??.??"]
[Round "?"]
[White "Lucan, Zdenko"]
[Black "Zabrodsky, Zdenek"]
[Result "1/2-1/2"]
[WhiteElo "1559"]
[BlackElo "1728"]
[PlyCount "95"]
[EventDate "2005.??.??"]
[EventType "corr"]
[EventRounds "2"]
[SourceDate "2006.01.09"]

1. Nf3 d5 2. g3 Nf6 3. Bg2 c6 4. d3 Bf5 5. b3 Nbd7 6. Nbd2 e5 7. Bb2 e4 8. dxe4
Bxe4 9. Nxe4 Nxe4 10. O-O Ndf6 11. Bxf6 Qxf6 12. Qd4 Bc5 13. Qxf6 Nxf6 14. Ne1
O-O 15. Nd3 Bd6 16. f3 Rfe8 17. Rfe1 Be5 18. Nxe5 Rxe5 19. h3 Re3 20. Rad1 c5
21. Rd3 Rae8 22. Rxe3 Rxe3 23. Kf2 d4 24. Rd1 Nd5 25. Rd3 Re7 26. a3 Ne3 27.
Rd2 b5 28. c3 Kf8 29. cxd4 cxd4 30. Rxd4 Nc2 31. Rd8+ Re8 32. Rxe8+ Kxe8 33. a4
Nd4 34. axb5 Nxb5 35. f4 Ke7 36. Ke3 Kd6 37. Kd3 Kc5 38. e4 Kb4 39. e5 Nc7 40.
Kc2 a5 41. h4 h6 42. Bc6 Kc5 43. Ba4 Kd4 44. Kd2 Ke4 45. Bc6+ Kd4 46. Bd7 Ke4
47. Bc6+ Kd4 48. Ba4 1/2-1/2

[Event "MCR_KT17"]
[Site "?"]
[Date "2005.??.??"]
[Round "?"]
[White "Krizek, Alex"]
[Black "Svoboda, Josef"]
[Result "0-1"]
[WhiteElo "1600"]
[BlackElo "1782"]
[PlyCount "56"]
[EventDate "2005.??.??"]
[EventType "corr"]
[EventRounds "2"]
[SourceDate "2006.01.09"]

1. c4 c5 2. Nc3 Nc6 3. Nf3 Nf6 4. g3 d5 5. cxd5 Nxd5 6. Bg2 g6 7. O-O Bg7 8.
Qb3 e6 9. d3 O-O 10. Bd2 Qb6 11. Qxb6 Nxb6 12. Be3 Nd7 13. Nd2 Nd4 14. Rfc1 Nf5
15. Nc4 Nxe3 16. fxe3 Rb8 17. Nd6 b6 18. Nxc8 Rbxc8 19. Rc2 Ne5 20. Nd1 Rcd8
21. b3 Bh6 22. h3 f5 23. Kf2 Bg5 24. Bf3 Nxf3 25. Kxf3 e5 26. h4 e4+ 27. dxe4
fxe4+ 28. Kxe4 Rf1 0-1

[Event "MCR_KT17"]
[Site "?"]
[Date "2005.??.??"]
[Round "?"]
[White "Pressl, Ladislav"]
[Black "Vlcek, Alois"]
[Result "1-0"]
[WhiteElo "1918"]
[BlackElo "1812"]
[PlyCount "75"]
[EventDate "2005.??.??"]
[EventType "corr"]
[EventRounds "2"]
[SourceDate "2006.01.09"]

1. e4 e5 2. Nc3 Nf6 3. f4 d5 4. fxe5 Nxe4 5. Nf3 Nxc3 6. bxc3 Be7 7. d4 Bg4 8.
Bd3 O-O 9. O-O c5 10. h3 Be6 11. Be3 c4 12. Be2 b5 13. a4 b4 14. cxb4 Bxb4 15.
Ng5 Nd7 16. Nxe6 fxe6 17. Rxf8+ Nxf8 18. Qc1 c3 19. Bg5 Qb6 20. Qe3 a5 21. Rf1
Ra7 22. Bd3 h6 23. Bh4 g5 24. Bg3 Rg7 25. Rf6 h5 26. Be1 Qc7 27. Rh6 h4 28. Qf3
Qf7 29. Rf6 Qe8 30. Bb5 Nd7 31. Bxc3 g4 32. hxg4 Bxc3 33. Qxc3 Rxg4 34. Qd3 Rg3
35. Rf3 Rg7 36. c4 dxc4 37. Qxc4 Qg6 38. Qc8+ 1-0

[Event "MCR_KT17"]
[Site "?"]
[Date "2005.??.??"]
[Round "?"]
[White "Vlcek, Alois"]
[Black "Lucan, Zdenko"]
[Result "1-0"]
[WhiteElo "1812"]
[BlackElo "1559"]
[PlyCount "83"]
[EventDate "2005.??.??"]
[EventType "corr"]
[EventRounds "2"]
[SourceDate "2006.01.09"]

1. e4 c6 2. d4 d5 3. Nc3 dxe4 4. Nxe4 Bf5 5. Ng3 Bc8 6. Bf4 e6 7. Nf3 Nf6 8.
Bd3 Nd5 9. Be5 Nd7 10. Ne4 Nxe5 11. dxe5 Nb4 12. O-O Nxd3 13. cxd3 Be7 14. Qc2
O-O 15. Rad1 b6 16. Qxc6 Ba6 17. Qc1 Qc8 18. Qe3 Bc5 19. Nxc5 Qxc5 20. d4 Qc4
21. b3 Qe2 22. Rfe1 Qxe3 23. Rxe3 Bb7 24. Ng5 h6 25. Nh3 g5 26. f4 g4 27. Rg3
h5 28. Rc1 Kh8 29. Nf2 f5 30. Rc7 Bd5 31. Rgc3 Rg8 32. g3 Rg7 33. Nd1 Rxc7 34.
Rxc7 a5 35. Nc3 Rd8 36. Kf2 Kg8 37. Nxd5 Rxd5 38. Ke3 Rd8 39. Rc6 Kf7 40. Rxb6
Rd5 41. Rb7+ Kg6 42. Re7 1-0

[Event "MCR_KT17"]
[Site "?"]
[Date "2005.??.??"]
[Round "?"]
[White "Svoboda, Josef"]
[Black "Pressl, Ladislav"]
[Result "1-0"]
[WhiteElo "1782"]
[BlackElo "1918"]
[PlyCount "103"]
[EventDate "2005.??.??"]
[EventType "corr"]
[EventRounds "2"]
[SourceDate "2006.01.09"]

1. d4 Nf6 2. c4 g6 3. Nc3 Bg7 4. e4 d6 5. f3 O-O 6. Be3 Nc6 7. Qd2 a6 8. Nge2
Rb8 9. h4 h5 10. Bh6 Bxh6 11. Qxh6 b5 12. cxb5 axb5 13. O-O-O b4 14. Na4 Ra8
15. b3 e5 16. d5 Ne7 17. Kb1 c5 18. dxc6 Nxc6 19. Qc1 Bb7 20. Qd2 Ne8 21. g3
Qf6 22. Bg2 Rc8 23. Nb6 Rd8 24. Nd5 Qg7 25. Nxb4 Nxb4 26. Qxb4 Rb8 27. Bh3 f5
28. Qc4+ Qf7 29. Qxf7+ Rxf7 30. exf5 gxf5 31. Rhf1 d5 32. Rfe1 Rd8 33. Ng1 Rg7
34. Rxe5 Rxg3 35. Bxf5 Ng7 36. Bd3 Kf7 37. Rg5 Rxg5 38. hxg5 Ne6 39. f4 Nc5 40.
Bc2 d4 41. b4 d3 42. bxc5 dxc2+ 43. Kxc2 Be4+ 44. Kc1 Rc8 45. Kd2 Rxc5 46. Ke3
Bc6 47. Rd6 Kg7 48. Ne2 Be8 49. Rd8 Kf8 50. g6 Rc7 51. f5 Ke7 52. g7 1-0

[Event "MCR_KT17"]
[Site "?"]
[Date "2005.??.??"]
[Round "?"]
[White "Zabrodsky, Zdenek"]
[Black "Krizek, Alex"]
[Result "1/2-1/2"]
[WhiteElo "1728"]
[BlackElo "1600"]
[PlyCount "70"]
[EventDate "2005.??.??"]
[EventType "corr"]
[EventRounds "2"]
[SourceDate "2006.01.09"]

1. d4 d5 2. Nf3 Nf6 3. e3 Bg4 4. Be2 e6 5. Ne5 Bxe2 6. Qxe2 c6 7. O-O Bd6 8.
Nd2 O-O 9. f4 c5 10. c3 cxd4 11. exd4 Nc6 12. Ng4 Nxg4 13. Qxg4 Ne7 14. Nf3 Nf5
15. Ne5 f6 16. Nd3 Qc7 17. Bd2 Qc4 18. Qe2 Rae8 19. Nc1 Qxe2 20. Nxe2 Bc7 21.
g3 Nd6 22. Kg2 Ne4 23. Be3 g6 24. a4 Bd6 25. Rfc1 Rc8 26. Kf3 f5 27. Rc2 a5 28.
Rac1 Rc6 29. c4 dxc4 30. Rxc4 Rxc4 31. Rxc4 Kf7 32. Nc3 Nxc3 33. Rxc3 Kf6 34.
Rc2 Rf7 35. Bd2 Rc7 1/2-1/2

[Event "MCR_KT17"]
[Site "?"]
[Date "2005.??.??"]
[Round "?"]
[White "Lucan, Zdenko"]
[Black "Krizek, Alex"]
[Result "0-1"]
[WhiteElo "1559"]
[BlackElo "1600"]
[PlyCount "72"]
[EventDate "2005.??.??"]
[EventType "corr"]
[EventRounds "2"]
[SourceDate "2006.01.09"]

1. Nf3 Nf6 2. c4 g6 3. g3 Bg7 4. d3 Nc6 5. a3 d5 6. Nbd2 O-O 7. cxd5 Qxd5 8.
Bg2 Be6 9. O-O Qd7 10. Ng5 Rad8 11. Nxe6 Qxe6 12. Bxc6 Qxc6 13. Nf3 a6 14. Bg5
Qe6 15. Rb1 h6 16. Bxf6 Bxf6 17. e4 Bd4 18. Nxd4 Rxd4 19. b4 Rfd8 20. Rb3 Qxe4
21. Re1 Rxd3 22. Rxd3 Rxd3 23. Qc1 Qf3 24. Rf1 Rxa3 25. Qxc7 Qe4 26. Qf4 Qxf4
27. gxf4 Rb3 28. Re1 Rxb4 29. Rxe7 Kf8 30. Rc7 a5 31. Kf1 a4 32. Ke2 Kg7 33.
Ke3 a3 34. Rc2 Rb2 35. Rc1 a2 36. Ra1 b5 0-1

[Event "MCR_KT17"]
[Site "?"]
[Date "2005.??.??"]
[Round "?"]
[White "Pressl, Ladislav"]
[Black "Zabrodsky, Zdenek"]
[Result "1/2-1/2"]
[WhiteElo "1918"]
[BlackElo "1728"]
[PlyCount "107"]
[EventDate "2005.??.??"]
[EventType "corr"]
[EventRounds "2"]
[SourceDate "2006.01.09"]

1. e4 e5 2. Nf3 Nc6 3. Bb5 a6 4. Ba4 Nf6 5. O-O Be7 6. Re1 b5 7. Bb3 d6 8. c3
O-O 9. h3 Bb7 10. d4 h6 11. d5 Na5 12. Bc2 Nc4 13. b3 Nb6 14. Be3 c5 15. Nbd2
Nh7 16. Nf1 f5 17. b4 fxe4 18. Bxe4 Nf6 19. bxc5 dxc5 20. Bf5 Qxd5 21. Qc2 e4
22. Nh4 Bd8 23. Rad1 Qc6 24. Ng6 Re8 25. Nd2 Bc8 26. Bxc8 Rxc8 27. Nf4 c4 28.
Bd4 Bc7 29. Ne2 Nbd5 30. Nf1 Nh5 31. Nfg3 Nxg3 32. Nxg3 Bxg3 33. fxg3 Qe6 34.
a4 Nf6 35. axb5 axb5 36. Ra1 Qd5 37. Ra7 Ra8 38. Rd1 Red8 39. Rxg7+ Kxg7 40.
Bxf6+ Kxf6 41. Rxd5 Ra1+ 42. Kh2 Rxd5 43. Qxe4 Rad1 44. Qh7 h5 45. g4 hxg4 46.
Qh6+ Kf5 47. Qh5+ Kf6 48. Qxg4 R1d3 49. Qe4 Rd2 50. h4 R2d3 51. Qh7 Ke5 52. h5
Kf4 53. Qg6 Rg5 54. Qf6+ 1/2-1/2

[Event "MCR_KT17"]
[Site "?"]
[Date "2005.??.??"]
[Round "?"]
[White "Vlcek, Alois"]
[Black "Svoboda, Josef"]
[Result "1-0"]
[WhiteElo "1812"]
[BlackElo "1782"]
[PlyCount "47"]
[EventDate "2005.??.??"]
[EventType "corr"]
[EventRounds "2"]
[SourceDate "2006.01.09"]

1. e4 e5 2. Bc4 Nf6 3. d3 c6 4. Nf3 d5 5. exd5 cxd5 6. Bb3 Bg4 7. Bg5 Nbd7 8.
h3 Be6 9. Nbd2 Bd6 10. c4 dxc4 11. dxc4 Be7 12. Ba4 h6 13. Bh4 O-O 14. O-O Nb6
15. Bb3 e4 16. Bxf6 Bxf6 17. Nxe4 Bxb2 18. Qxd8 Rfxd8 19. Rab1 Ba3 20. c5 Bf5
21. Rbe1 Bxe4 22. Rxe4 Nd7 23. Re7 Ne5 24. Rxe5 1-0

[Event "MCR_KT17"]
[Site "?"]
[Date "2005.??.??"]
[Round "?"]
[White "Svoboda, Josef"]
[Black "Lucan, Zdenko"]
[Result "1-0"]
[WhiteElo "1782"]
[BlackElo "1559"]
[PlyCount "75"]
[EventDate "2005.??.??"]
[EventType "corr"]
[EventRounds "2"]
[SourceDate "2006.01.09"]

1. e4 c6 2. d4 d5 3. Nc3 dxe4 4. Nxe4 Bf5 5. Ng3 Bg6 6. h4 h6 7. Nf3 Nd7 8. h5
Bh7 9. Bd3 Bxd3 10. Qxd3 e6 11. Bf4 Ngf6 12. O-O-O Be7 13. Ne2 Ng4 14. Bg3 Ngf6
15. Qb3 Qc8 16. Ne5 Nxe5 17. dxe5 Ne4 18. f4 Nxg3 19. Nxg3 Qc7 20. Ne4 O-O 21.
g4 Kh8 22. Qe3 Qb6 23. Rhe1 Qxe3+ 24. Rxe3 b6 25. Rd7 Rfe8 26. Red3 Kg8 27. Rc7
c5 28. Rdd7 Kf8 29. Nd6 Rad8 30. Nxe8 Rxd7 31. Rxd7 Kxe8 32. Rxa7 f6 33. exf6
Bxf6 34. Rb7 Kf8 35. Rxb6 Kf7 36. Rb7+ Be7 37. a4 Ke8 38. a5 1-0

[Event "MCR_KT17"]
[Site "?"]
[Date "2005.??.??"]
[Round "?"]
[White "Zabrodsky, Zdenek"]
[Black "Vlcek, Alois"]
[Result "1-0"]
[WhiteElo "1728"]
[BlackElo "1812"]
[PlyCount "77"]
[EventDate "2005.??.??"]
[EventType "corr"]
[EventRounds "2"]
[SourceDate "2006.01.09"]

1. d4 d5 2. Nf3 Nc6 3. g3 e6 4. Bg2 Bd6 5. c3 h6 6. Nbd2 Nge7 7. e4 dxe4 8.
Nxe4 Nf5 9. O-O Nce7 10. g4 g5 11. gxf5 Nxf5 12. Nxd6+ cxd6 13. Re1 Kf8 14. Be3
Ne7 15. Nd2 f5 16. f3 f4 17. Bf2 Kf7 18. c4 Qg8 19. Ne4 Nf5 20. Bh3 Qg6 21.
Bxf5 exf5 22. Nc3 Be6 23. d5 Bd7 24. c5 g4 25. fxg4 h5 26. Bh4 Rae8 27. g5 dxc5
28. Qf3 Qd6 29. Rxe8 Bxe8 30. Re1 Bd7 31. Kh1 a5 32. g6+ Kg8 33. Re7 Rh6 34. g7
Rh7 35. Ne2 Rxg7 36. Rxg7+ Kxg7 37. Nxf4 Be8 38. Ne6+ Kh8 39. Qc3+ 1-0

[Event "MCR_KT17"]
[Site "?"]
[Date "2005.??.??"]
[Round "?"]
[White "Krizek, Alex"]
[Black "Pressl, Ladislav"]
[Result "1-0"]
[WhiteElo "1600"]
[BlackElo "1918"]
[PlyCount "41"]
[EventDate "2005.??.??"]
[EventType "corr"]
[EventRounds "2"]
[SourceDate "2006.01.09"]

1. c4 Nf6 2. Nc3 e6 3. Nf3 c5 4. d4 b6 5. Bg5 Be7 6. d5 exd5 7. cxd5 d6 8. e4
Bg4 9. Be2 Nbd7 10. O-O Bxf3 11. Bxf3 Ne5 12. Be2 a6 13. a4 O-O 14. b3 h6 15.
Be3 Re8 16. Qd2 Nfg4 17. Bf4 Bg5 18. Bxg5 hxg5 19. h4 Nh6 20. hxg5 Nhg4 21. f4
1-0

[Event "MCR_KT17"]
[Site "?"]
[Date "2005.??.??"]
[Round "?"]
[White "Lucan, Zdenko"]
[Black "Pressl, Ladislav"]
[Result "0-1"]
[WhiteElo "1559"]
[BlackElo "1918"]
[PlyCount "68"]
[EventDate "2005.??.??"]
[EventType "corr"]
[EventRounds "2"]
[SourceDate "2006.01.09"]

1. b3 e5 2. Bb2 Nc6 3. e3 Nf6 4. Bb5 d6 5. Be2 a6 6. Nf3 g6 7. h3 Bg7 8. O-O
O-O 9. d3 Re8 10. Nc3 d5 11. a3 Bf5 12. Nh2 d4 13. exd4 Nxd4 14. Nf3 c5 15.
Nxd4 exd4 16. Nb1 b5 17. Nd2 Ra7 18. Re1 Rae7 19. Nf1 Nd5 20. Ng3 Bc8 21. Rb1
f5 22. Qd2 Bb7 23. Bf3 Bh6 24. Qxh6 Rxe1+ 25. Rxe1 Rxe1+ 26. Nf1 Qb6 27. Bxd5+
Bxd5 28. Qd2 Qe6 29. Qg5 Kg7 30. Qh4 Qe2 31. Bxd4+ cxd4 32. Qxd4+ Qe5 33. Qxe5+
Rxe5 34. f4 Re2 0-1

[Event "MCR_KT17"]
[Site "?"]
[Date "2005.??.??"]
[Round "?"]
[White "Krizek, Alex"]
[Black "Vlcek, Alois"]
[Result "1-0"]
[WhiteElo "1600"]
[BlackElo "1812"]
[PlyCount "69"]
[EventDate "2005.??.??"]
[EventType "corr"]
[EventRounds "2"]
[SourceDate "2006.01.09"]

1. c4 Nf6 2. Nc3 e6 3. d4 d5 4. Nf3 Nc6 5. Bg5 Be7 6. e3 h6 7. Bxf6 Bxf6 8.
cxd5 exd5 9. Bb5 a6 10. Bxc6+ bxc6 11. Na4 Bg4 12. Rc1 Qd6 13. Nc5 Ra7 14. O-O
Be7 15. Nd3 f6 16. Qa4 Bd7 17. Nc5 a5 18. Nxd7 Kxd7 19. Rc5 Rha8 20. Rfc1 Ra6
21. Ne1 Qe6 22. Nd3 g5 23. h3 h5 24. b3 h4 25. e4 dxe4 26. d5 Qf7 27. Rxc6 Kd8
28. Qxe4 Rxc6 29. Rxc6 Bd6 30. Nc5 f5 31. Nb7+ Kd7 32. Qa4 Ke7 33. Nxd6 Qxd5
34. Rxc7+ Kf8 35. Qd7 1-0

[Event "MCR_KT17"]
[Site "?"]
[Date "2005.??.??"]
[Round "?"]
[White "Zabrodsky, Zdenek"]
[Black "Svoboda, Josef"]
[Result "1/2-1/2"]
[WhiteElo "1728"]
[BlackElo "1782"]
[PlyCount "103"]
[EventDate "2005.??.??"]
[EventType "corr"]
[EventRounds "2"]
[SourceDate "2006.01.09"]

1. d4 d5 2. Bg5 c6 3. c3 Bf5 4. e3 h6 5. Bh4 Qb6 6. b3 Nd7 7. Bd3 Bxd3 8. Qxd3
e5 9. dxe5 Nxe5 10. Qc2 Be7 11. Bg3 Nd7 12. Ne2 Ngf6 13. Nd2 O-O 14. O-O Rfe8
15. c4 Qc5 16. Nd4 dxc4 17. Qxc4 Nh5 18. Bc7 Rac8 19. Qxc5 Bxc5 20. Ba5 Bxd4
21. exd4 Nf4 22. Nf3 Re4 23. Rfe1 Rce8 24. Rxe4 Rxe4 25. Re1 Nf6 26. Bd2 Rxe1+
27. Nxe1 Ne2+ 28. Kf1 Nxd4 29. Bc3 Nb5 30. Bxf6 gxf6 31. Nd3 Nc3 32. Nc1 Kg7
33. Ke1 f5 34. f3 Kf6 35. Kd2 Nd5 36. g3 f4 37. Nd3 fxg3 38. hxg3 Ke7 39. a3
Kd6 40. Nf2 f5 41. Kd3 h5 42. Nh3 Ke7 43. Kd4 Kd6 44. Nf2 c5+ 45. Kd3 f4 46. g4
hxg4 47. Nxg4 b5 48. Nf2 Nf6 49. Ne4+ Nxe4 50. Kxe4 c4 51. bxc4 bxc4 52. Kd4
1/2-1/2

[Event "MCR_KT17"]
[Site "?"]
[Date "2005.??.??"]
[Round "?"]
[White "Zabrodsky, Zdenek"]
[Black "Lucan, Zdenko"]
[Result "1/2-1/2"]
[WhiteElo "1728"]
[BlackElo "1559"]
[PlyCount "90"]
[EventDate "2005.??.??"]
[EventType "corr"]
[EventRounds "2"]
[SourceDate "2006.01.09"]

1. d4 Nf6 2. c4 e6 3. a3 b6 4. Bg5 Be7 5. Nf3 Bb7 6. e3 d6 7. Be2 Nbd7 8. O-O
O-O 9. Nc3 h6 10. Bh4 Nh7 11. Bg3 Ng5 12. b4 Nxf3+ 13. Bxf3 Bxf3 14. Qxf3 c5
15. Nb5 e5 16. dxe5 Nxe5 17. Bxe5 dxe5 18. Rad1 Qc8 19. Rd5 a6 20. Nd6 Bxd6 21.
Rxd6 b5 22. Rc1 Ra7 23. Qd5 Rc7 24. bxc5 Rxc5 25. Qd3 bxc4 26. Qc3 a5 27. Rb1
Qc7 28. Rd2 Rb8 29. Rdb2 Rxb2 30. Rxb2 Qd6 31. Rb1 Qd3 32. Rc1 Qxc3 33. Rxc3 e4
34. g4 g6 35. Kg2 Kg7 36. Kg3 g5 37. f3 exf3 38. Kxf3 Kg6 39. e4 Kf6 40. h3 Ke5
41. Ke3 f6 42. Rc1 Rc6 43. Rc2 Rc5 44. Rf2 Ke6 45. Rc2 Ke5 1/2-1/2

[Event "MCR_KT17"]
[Site "?"]
[Date "2005.??.??"]
[Round "?"]
[White "Svoboda, Josef"]
[Black "Krizek, Alex"]
[Result "1/2-1/2"]
[WhiteElo "1782"]
[BlackElo "1600"]
[PlyCount "66"]
[EventDate "2005.??.??"]
[EventType "corr"]
[EventRounds "2"]
[SourceDate "2006.01.09"]

1. e4 d6 2. d4 Nf6 3. Nc3 g6 4. f4 Bg7 5. Nf3 O-O 6. Bd3 c5 7. dxc5 dxc5 8. Be3
Ng4 9. Bd2 Nc6 10. h3 Nf6 11. O-O Nh5 12. Qc1 Ng3 13. Rf2 Nd4 14. Kh2 Nxf3+ 15.
Rxf3 Nh5 16. g4 Nf6 17. e5 Nd5 18. Ne4 b6 19. c4 Nc7 20. Nf2 Bb7 21. Be4 Bxe4
22. Nxe4 Ne6 23. Qc3 Qc7 24. g5 Nd4 25. Rf2 Rad8 26. b3 Nc6 27. Raf1 Nb4 28.
Qa1 Qc6 29. Bxb4 Qxe4 30. Bd2 Rd3 31. Qe1 Qxe1 32. Rxe1 Rfd8 33. Kg2 Kf8
1/2-1/2

[Event "MCR_KT17"]
[Site "?"]
[Date "2005.??.??"]
[Round "?"]
[White "Vlcek, Alois"]
[Black "Pressl, Ladislav"]
[Result "0-1"]
[WhiteElo "1812"]
[BlackElo "1918"]
[PlyCount "66"]
[EventDate "2005.??.??"]
[EventType "corr"]
[EventRounds "2"]
[SourceDate "2006.01.09"]

1. e4 c6 2. d4 d5 3. Nc3 dxe4 4. Nxe4 Bf5 5. Ng3 Bg6 6. h4 h6 7. Nf3 Nf6 8. h5
Bh7 9. Bc4 e6 10. Bf4 Bd6 11. Ne5 Nd5 12. Bxd5 cxd5 13. Qg4 Rg8 14. O-O-O Nc6
15. Rhe1 Nxe5 16. dxe5 Qc7 17. Nf5 Bb4 18. Nd4 Bxe1 19. Rxe1 a6 20. Re3 Rc8 21.
Rc3 Qd7 22. Ra3 Rc4 23. Qd1 Bxc2 24. Nxc2 Rxf4 25. f3 Ke7 26. Nd4 Qc7+ 27. Kb1
Qxe5 28. Rd3 Qxh5 29. g3 Rxd4 30. Rxd4 Rc8 31. g4 Qg6+ 32. Rd3 Kd6 33. a4 Rc4
0-1

[Event "MCR_KT17"]
[Site "?"]
[Date "2005.??.??"]
[Round "?"]
[White "Lucan, Zdenko"]
[Black "Vlcek, Alois"]
[Result "0-1"]
[WhiteElo "1559"]
[BlackElo "1812"]
[PlyCount "65"]
[EventDate "2005.??.??"]
[EventType "corr"]
[EventRounds "2"]
[SourceDate "2006.01.09"]

1. b3 e5 2. Bb2 Nc6 3. g3 Bc5 4. c3 Qf6 5. e3 d5 6. Bg2 Be6 7. Nf3 O-O-O 8. O-O
g5 9. h3 h5 10. Nh2 Qh6 11. Ba3 Bd6 12. Bxd6 Rxd6 13. d4 f5 14. Nd2 e4 15. Qe2
Nf6 16. f3 exf3 17. Ndxf3 h4 18. g4 fxg4 19. Ne5 gxh3 20. Bf3 g4 21. Nexg4 Rg8
22. Kh1 Nxg4 23. Nxg4 Bxg4 24. Bxg4+ Kb8 25. Bxh3 Rdg6 26. Qf2 a6 27. Rg1 Rg3
28. Kh2 Rf8 29. Qe2 Rxe3 30. Qg2 Rff3 31. Qg4 Qd6+ 32. Kg2 Rg3+ 33. Qxg3 0-1

[Event "MCR_KT17"]
[Site "?"]
[Date "2005.??.??"]
[Round "?"]
[White "Pressl, Ladislav"]
[Black "Svoboda, Josef"]
[Result "1/2-1/2"]
[WhiteElo "1918"]
[BlackElo "1782"]
[PlyCount "70"]
[EventDate "2005.??.??"]
[EventType "corr"]
[EventRounds "2"]
[SourceDate "2006.01.09"]

1. Nf3 Nf6 2. d4 e6 3. c4 b6 4. Nc3 Bb7 5. Bg5 h6 6. Bxf6 Qxf6 7. e3 Bxf3 8.
Qxf3 Qxf3 9. gxf3 Bb4 10. Rc1 Nc6 11. Bg2 Rc8 12. f4 Ne7 13. Ke2 Nf5 14. a3 Be7
15. Be4 Nd6 16. Bd3 c5 17. d5 f5 18. b3 g5 19. fxg5 hxg5 20. h3 Rh4 21. Kd2 Kf7
22. Bf1 exd5 23. Nxd5 Ne4+ 24. Ke2 Bd6 25. Bg2 Nf6 26. Rcd1 Ne8 27. Bf3 Kg6 28.
Rd2 Rb8 29. a4 Rh6 30. Bg2 Rd8 31. Rhd1 Rh7 32. Nxb6 axb6 33. Rxd6+ Nxd6 34.
Rxd6+ Kf7 35. Rxb6 d6 1/2-1/2

[Event "MCR_KT17"]
[Site "?"]
[Date "2005.??.??"]
[Round "?"]
[White "Krizek, Alex"]
[Black "Zabrodsky, Zdenek"]
[Result "1-0"]
[WhiteElo "1600"]
[BlackElo "1728"]
[PlyCount "71"]
[EventDate "2005.??.??"]
[EventType "corr"]
[EventRounds "2"]
[SourceDate "2006.01.09"]

1. c4 c6 2. Nf3 d6 3. d4 Bg4 4. Nc3 Nd7 5. e3 Ngf6 6. Be2 Qc7 7. b3 g6 8. O-O
Bg7 9. Nd2 Bxe2 10. Qxe2 O-O 11. Bb2 Rfe8 12. Nf3 a5 13. Rad1 d5 14. cxd5 Nxd5
15. Nxd5 cxd5 16. Rc1 Qb6 17. Qc2 Qd8 18. Qc7 Rb8 19. Qxd8 Rexd8 20. Ba3 Bf8
21. Rc7 e6 22. Bxf8 Kxf8 23. Rfc1 f6 24. Ne1 Ke8 25. Nd3 Nf8 26. h4 Rd7 27.
R7c5 b5 28. Rc6 a4 29. bxa4 Ra7 30. Rc8+ Rxc8 31. Rxc8+ Ke7 32. axb5 Rxa2 33.
b6 Ra1+ 34. Kh2 Rb1 35. Nc5 Rxb6 36. Rxf8 1-0

[Event "MCR_KT17"]
[Site "?"]
[Date "2005.??.??"]
[Round "?"]
[White "Krizek, Alex"]
[Black "Lucan, Zdenko"]
[Result "1-0"]
[WhiteElo "1600"]
[BlackElo "1559"]
[PlyCount "65"]
[EventDate "2005.??.??"]
[EventType "corr"]
[EventRounds "2"]
[SourceDate "2006.01.09"]

1. c4 e5 2. Nc3 Nf6 3. Nf3 Nc6 4. e3 Bb4 5. Qc2 O-O 6. Nd5 Be7 7. a3 Nxd5 8.
cxd5 Nb8 9. Nxe5 d6 10. Nf3 Bg4 11. Be2 c6 12. dxc6 Nxc6 13. Ng5 Bxg5 14. Bxg4
Be7 15. d4 g6 16. O-O f5 17. Bf3 d5 18. Qb3 Qd7 19. Bxd5+ Kh8 20. Bd2 Rad8 21.
Be6 Qc7 22. d5 Ne5 23. Rac1 Qb8 24. Bc3 Bf6 25. Rfd1 Ng4 26. Bxf6+ Nxf6 27. Qc3
h5 28. Qc7 Qxc7 29. Rxc7 Rb8 30. d6 Ne8 31. Rf7 Kg8 32. Rxb7+ Kh8 33. Rxb8 1-0

[Event "MCR_KT17"]
[Site "?"]
[Date "2005.??.??"]
[Round "?"]
[White "Zabrodsky, Zdenek"]
[Black "Pressl, Ladislav"]
[Result "0-1"]
[WhiteElo "1728"]
[BlackElo "1918"]
[PlyCount "114"]
[EventDate "2005.??.??"]
[EventType "corr"]
[EventRounds "2"]
[SourceDate "2006.01.09"]

1. d4 Nf6 2. Nf3 d5 3. e3 g6 4. c4 Bg7 5. Nc3 c6 6. Be2 O-O 7. O-O Bg4 8. Ne5
Bxe2 9. Qxe2 dxc4 10. Qxc4 e6 11. a4 Nbd7 12. f4 Nb6 13. Qe2 Nfd5 14. Bd2 f6
15. Nd3 Nxc3 16. Bxc3 Re8 17. Nc5 Qe7 18. e4 e5 19. a5 exd4 20. Bxd4 Rad8 21.
Bf2 Nc8 22. Qc4+ Kh8 23. Rad1 Rxd1 24. Rxd1 Nd6 25. Qb4 h6 26. e5 fxe5 27. fxe5
Bxe5 28. Bd4 Nf7 29. Bxe5+ Nxe5 30. Qc3 Kh7 31. Qd4 b6 32. axb6 axb6 33. Na4 c5
34. Qd6 Nc4 35. Qxe7+ Rxe7 36. b3 Na5 37. Nxb6 Nxb3 38. Rb1 Nd4 39. Nd5 Rf7 40.
g3 Kg7 41. Kg2 Rd7 42. Ne3 Nf5 43. Nxf5+ gxf5 44. Kf3 Rd6 45. Kf4 Kf6 46. Rc1
Rd5 47. Ra1 Rd4+ 48. Kf3 Ke5 49. Ke3 f4+ 50. gxf4+ Rxf4 51. Ra5 Rc4 52. Kd3 Rc1
53. Kd2 Rc4 54. Kd3 Kd5 55. Ra6 Rh4 56. Ra8 Rh3+ 57. Ke2 Rxh2+ 0-1

[Event "MCR_KT17"]
[Site "?"]
[Date "2005.??.??"]
[Round "?"]
[White "Svoboda, Josef"]
[Black "Vlcek, Alois"]
[Result "1-0"]
[WhiteElo "1782"]
[BlackElo "1812"]
[PlyCount "79"]
[EventDate "2005.??.??"]
[EventType "corr"]
[EventRounds "2"]
[SourceDate "2006.01.09"]

1. e4 e5 2. Nf3 Nc6 3. Bb5 a6 4. Ba4 Nf6 5. O-O b5 6. Bb3 Bc5 7. a4 b4 8. d3 h6
9. Bd5 Bb7 10. Bxc6 Bxc6 11. Nxe5 Bb7 12. d4 Be7 13. f3 d6 14. Nd3 a5 15. d5
O-O 16. c4 c5 17. dxc6 Bxc6 18. Be3 Nh7 19. Nd2 Ng5 20. Nf4 Qd7 21. Nd5 Bxd5
22. cxd5 f5 23. Rc1 f4 24. Bf2 Rf6 25. Nc4 Qe8 26. Bd4 Rg6 27. Kh1 Nh7 28. Qd2
Qf8 29. Bb6 Bd8 30. Bxd8 Rxd8 31. Nxa5 Rf6 32. Qxb4 g5 33. Nc6 Rd7 34. Nd4 Rff7
35. Rc6 Rb7 36. Qa3 Rfd7 37. Nf5 Qb8 38. Qc3 Nf8 39. Rc8 Qa7 40. Rxf8+ 1-0